| 000 | 01101naa a22003017a 4500 | ||
|---|---|---|---|
| 001 | BR8901587 | ||
| 003 | BR-BrBNA | ||
| 005 | 20240918180442.0 | ||
| 007 | ta | ||
| 008 | 230509b bl.||||| |||| 00| 0 por d | ||
| 040 |
_aBR-BrBNA _bpor _cBiblioteca Nacional de Agricultura |
||
| 041 | _a(Pt) | ||
| 072 |
_aH60 _b0120 _bG514 |
||
| 090 | _aH60 BR8901587 | ||
| 100 | 1 | _aGandolfi, V.H. | |
| 100 | 1 | _aSouza, B.H. de | |
| 100 | 1 | _aBan, A.D. | |
| 111 | 1 |
_a21. Reuniao Tecnica Anual de Milho e Sorgo _cPorto Alegre, RS (Brazil) _dJul 1976 |
|
| 245 | 1 | _aPlantas invasoras da cultura do milho (Zea mays L.)no Rio Grande do Sul | |
| 260 | 3 |
_aPorto Alegre, RS (Brasil): _c1976. |
|
| 500 | _aResultados de pesquisas de milho e sorgo. 21. Reuniao tecnica Porto Alegre, RS (Brasil): 1976. p. 174-179 (BR8901587-AM)H60 | ||
| 650 | _aMILHO | ||
| 650 | _aERVA DANINHA | ||
| 650 | _aRIO GRANDE DO SUL | ||
| 773 | 0 |
_tResultados de pesquisas de milho e sorgo. 21. Reuniao tecnica _wH60 BR8901587 _gPorto Alegre, RS (Brasil), 1976. p. 174-179 |
|
| 909 |
_a202404 _bLucia _c55 _dLucia Elande |
||
| 942 |
_cAM _2AGRIS |
||
| 999 |
_c320433 _d320433 |
||